01132cam a2200301 i 45000010008000000030009000080050017000170080041000340200015000750400038000900820021001282450124001492640056002732640010003293000045003393360026003843370028004103380027004385040052004656500034005176500028005516500036005796550017006157000040006329420012006729990017006849520129007014785464EG-ScBUE20250709091618.0870312t1987 nyua f b 001 0 eng d a0442211600 aDLCbengerdacDLCdDLCdEG-ScBUE04a541.395222bMET00aMetal-support interactions in catalysis, sintering, and redispersion /cedited by Scott A. Stevenson [and three others] 1aNew York : bVan Nostrand Reinhold Company,c[1987] 4cc1987 axii, 315 pages :billustrations ;c24 cm 2rdacontentatextbtxt aunmediated2rdamediabn avolumebnc2rdacarrier aIncludes bibliographical references and index.  7aMetal catalysts.2BUEsh96964 7aCatalysis.2BUEsh96965 7aCatalyst supports.2BUEsh96966 vReading book1 aStevenson, Scott A.,eeditor.96967 2ddccBB c12040d12040 00102ddc40708Alef-BaaaMAINbMAINc1STd2009-06-25ePurchaseg150.00l0o541.395 METp000017097r2025-07-15 00:00:00yBB